Entrepreneurial Small Business. (Record no. 2808)

MARC details
005 - DATE AND TIME OF LATEST TRANSACTION
control field 20250529080808.0
020 ## - INTERNATIONAL STANDARD BOOK NUMBER
International Standard Book Number 978-1259-06061-8
082 ## - DEWEY DECIMAL CLASSIFICATION NUMBER
Classification number 338.642 KAT
100 ## - MAIN ENTRY--PERSONAL NAME
Author name KATZ, J. A.
245 ## - TITLE STATEMENT
Title Entrepreneurial Small Business.
250 ## - EDITION STATEMENT
Edition statement 4th Ed.
260 ## - PUBLICATION, DISTRIBUTION, ETC.
Place of publication, distribution, etc. New York,
Name of publisher, distributor, etc. McGraw Hill,
Date of publication, distribution, etc. 2014.
300 ## - PHYSICAL DESCRIPTION
Extent xxxiv, 777p.: ill.; figure, picture, table
Other physical details Glossary & Index
Dimensions 28cm
700 ## - ADDED ENTRY--PERSONAL NAME
Other authors/Editors GREEN, R. P.
942 ## - ADDED ENTRY ELEMENTS (KOHA)
Source of classification or shelving scheme Dewey Decimal Classification
Koha item type Books
Holdings
Date last seen Total checkouts Full call number Barcode Cost, replacement price Price effective from Koha item type Lost status Source of classification or shelving scheme Damaged status Not for loan Withdrawn status Home library Current library Shelving location Date acquired Cost, normal purchase price
06/29/2025   338.04 KAT DOM0003869 200814.00 06/29/2025 Books   Dewey Decimal Classification       CBE Dodoma CBE Dodoma General Collection 07/08/2016 66900.00
05/29/2025   338.642 KAT 00000010393 200814.00 05/29/2025 Books   Dewey Decimal Classification       College of Business Education Main Library College of Business Education Main Library Special Reserve Collection 07/08/2016 66938.00
05/29/2025   338.642 KAT 00000010422 200814.00 05/29/2025 Books   Dewey Decimal Classification       College of Business Education Main Library College of Business Education Main Library General Collection 07/08/2016 66938.00
05/29/2025   338.642 KAT 00000010423 200814.00 05/29/2025 Books   Dewey Decimal Classification       College of Business Education Main Library College of Business Education Main Library General Collection 07/08/2016 66938.00